01081 a2200181 45000010006000000050017000060080041000230030015000640400040000790800073001192450134001922500011003262640054003373000019003915050437004101000027008477000025008742641120260407155544.0260407a1978 arg spa dAR-UNSa-BCEJYS aAR-UNSa-BCEJYSbspacAR-UNSa-BCEJYS a657.3xPresupuestos. Cierre de Cuentas. Balances (Estados Contables)10aEstados contables de sociedades por accionespanálisis teórico y práctico de las normas legales y profesionales en vigencia a5a. ed 1aBuenos Aires :bEdiciones Nuevas Técnicasc1978 a242 p.c22 cm. a1. La contabilidad y los estados contables - 2. Normas técnicas en vigencia - 3. Normas legales e institucionales en vigencia - 4. El balance general - 5. El estado de resultado - 6. Los estados de resultados acumulados y de evolución del patrimonio neto - 7. El estado de origen y aplicación de fondos - 8. Notas y anexos - 9. Información para la bolsa de comercio de Buenos Aires - 10. Ejemplo de aplicación - Apéndice1 aFowler Newton, Enrique1 aFortini, Hernando L.